00438nam a2200157Ia 4500008004100000020001500041082001600056100001700072245002400089250000700113260004000120300003000160500001900190600002100209650005000230240925s9999 xx 000 0 und d a8176562807 a005.133 ALL aAllen, Mitch 0aHands on Java Beans aNA aNew Delhi:bBPB Publicationc,2000. axxiii,463p.bNAfOriginal aIncludes Index aComputer Science aComputer science, information & general works